1586 1549 1175 1875 1364 1697 1492 1130 1694 1897 1344 1445 1149 1435 2000 1421 1378 1564 1653 1819 1729 1724 1814 1562 1158 1166 1270 1893 1621 1892 1742 1207 1283 1673 1210 1953 1007 1160 1531 1328 1180 1192 1107 1871 1413 1348 1075 1274 1326 1294 1438 1475 1924 1267 1357 1143 1090 1989 1420 1925 1621 1988 1828 1054 1208 1690 1595 1091 1800 1973 1954 1695 1451 1242 1542 1705 1440 1860 1954 1421 1262 1808 1276 1376 1257 1233 1464 1256 1611 1786 1665 1317 1182 1373 1090 1297 1906 1210 1003 BCNSPRNW ULIB Ver.6.0+V

เปลี่ยนเป็นภาษาไทย

Change to English
 แสดงรายละเอียดบรรณานุกรม
  กลับหน้าหลัก

Brief Record : Get Marc (ISO 2709) : E-mail record : QR code < ปิดหน้าต่าง
LEADER : 00000nam 2200000uu 4500
001    13399110532
003     ULIB
008    110602s2553||||th 000 0 tha d
020    9789741112395
060 04 WQ100^bค125ส 2553
245 00 สูตินรีเวชทันยุค =^bOB-GYN in practice 2010 /^cบรรณาธิการ,ประสงค์ ตันมหาสมุทร ... [และคนอื่นๆ]
246 31 OB-GYN in practice 2010
250    พิมพ์ครั้งที่ 1
260    กรุงเทพฯ :^bภาควิชาสูติศาสตร์-นรีเวชวิทยาคณะแพทยศาสตร์ศิริราชพยาบาล มหาวิทยาลัยมหิดล,^c2553
300    xxii, 238 หน้า :^bภาพประกอบ ;^c26 ซม.
650  7 นรีเวชวิทยา
650  7 สูติศาสตร์
653    ผลงานอาจารย์คณะแพทยศาสตร์ศิริราชพยาบาล
700 0  ประสงค์ ตันมหาสมุทร,^eบรรณาธิการ
710 2  มหาวิทยาลัยมหิดล. ^bคณะแพทยศาสตร์ศิริราชพยาบาล.^bภาควิชาสูติศาสตร์-นรีเวชวิทยา
945    ^p300^l0^i028605
945    ^p300^l0^i028604
945    ^p300^l0^i028603
945    ^p300^l0^i028602
945    ^p300^l0^i027887
945    ^p300^l0^i027886
945    ^p300^l0^i027885
945    ^p300^l0^i027884
945    ^p300^l0^i027882
945    ^p300^l0^i027881
945    ^p300^l0^i028601
945    ^p300^l0^i027883
995    ทศพร
999 ^a ใช้งานได้ทุกระบบ
รายการนี้ยังไม่มีแท็ก
คุณยังไม่ได้ล็อกอิน คุณสามารถมีกิจกรรมร่วมกับเว็บไซต์ได้ แต่ต้องล็อกอินก่อน ::
  ล็อกอิน

รายการสื่อสารสนเทศ

ลำดับที่ ประเภท เลขเรียก/บาร์โค้ด สถานที่ สถานะ
- ไม่พบข้อมูล -

รายการใกล้เคียง
    หัวเรื่อง [นรีเวชวิทยา]
    หัวเรื่อง [สูติศาสตร์]

BibComment


ยังไม่เคยถูกคอมเมนท์

คอมเมนท์ทรัพยากรรายการนี้
  คอมเมนท์: สูตินรีเวชทันยุค ..


 Copyright 2026. Bcnsprnw @Library